| 000 | 00422nam a22001697a 4500 | ||
|---|---|---|---|
| 003 | MACL | ||
| 005 | 20160115174118.0 | ||
| 008 | 160115b xxu||||| |||| 00| 0 eng d | ||
| 040 | _cMACL | ||
| 041 | _aEnglish | ||
| 082 | _a934/BAM | ||
| 100 |
_aBamzai,P.N.K _917454 |
||
| 245 | _aA History of Kashmir Political Social Cultural | ||
| 260 |
_aKashmir _bGulshan Books _c2008 |
||
| 650 |
_aHistory _932778 |
||
| 942 |
_2ddc _cBK |
||
| 999 |
_c52561 _d52561 |
||